[Event "Baden-ch U16"]
[Site "Karlsruhe"]
[Date "2014.01.04"]
[Round "5"]
[White "Bossert, Felix"]
[Black "Von Ehr, Lukas"]
[Result "1/2-1/2"]
[WhiteElo "1548"]
[BlackElo "1502"]
[PlyCount "27"]
[EventDate "2014.01.??"]
[EventType "swiss"]
[EventRounds "7"]
[EventCountry "GER"]
[SourceTitle "EXT 2022"]
[Source "ChessBase"]
[SourceDate "2021.10.06"]
[SourceVersion "1"]
[SourceVersionDate "2021.10.06"]
[SourceQuality "1"]

1. d4 d5 2. Nf3 Nf6 3. g3 Bf5 4. Bg2 e6 5. 0-0 Bd6 6. Nbd2 Nc6 7. c3 Qd7 8. Nh4 Bg6 9. Nxg6 hxg6 10. e4 dxe4 11. Nxe4 Nxe4 12. Bxe4 0-0-0 13. Bg2 Be7 14. Be3 1/2-1/2

[Event "GER-ch U10"]
[Site "Willingen"]
[Date "2008.05.11"]
[Round "11"]
[White "Heinemann, Josefine"]
[Black "Von Ehr, Lukas"]
[Result "1/2-1/2"]
[WhiteElo "941"]
[BlackElo "1190"]
[PlyCount "45"]
[EventDate "2008.05.11"]
[EventType "swiss"]
[EventRounds "11"]
[EventCountry "GER"]
[SourceTitle "CBM 124 Extra"]
[Source "ChessBase"]
[SourceDate "2008.07.03"]
[SourceVersion "1"]
[SourceVersionDate "2008.07.03"]
[SourceQuality "1"]

1. e4 e5 2. Nf3 Nc6 3. d4 exd4 4. Nxd4 Bc5 5. Nb3 Bb6 6. Nc3 Nf6 7. Bg5 h6 8. Bh4 g5 9. Bg3 d6 10. Bb5 Bd7 11. 0-0 Qe7 12. Re1 0-0-0 13. Nd5 Nxd5 14. exd5 Ne5 15. Bxd7+ Rxd7 16. Bxe5 dxe5 17. Qf3 Re8 18. Rad1 e4 19. Qh5 Qf6 20. Rd2 Rde7 21. Qh3+ Kb8 22. Rde2 Qe5 23. c4 1/2-1/2

[Event "GER-ch U10"]
[Site "Willingen"]
[Date "2008.05.11"]
[Round "9"]
[White "Janke, Hendrik"]
[Black "Von Ehr, Lukas"]
[Result "1-0"]
[WhiteElo "999"]
[BlackElo "1190"]
[PlyCount "119"]
[EventDate "2008.05.11"]
[EventType "swiss"]
[EventRounds "11"]
[EventCountry "GER"]
[SourceTitle "CBM 124 Extra"]
[Source "ChessBase"]
[SourceDate "2008.07.03"]
[SourceVersion "1"]
[SourceVersionDate "2008.07.03"]
[SourceQuality "1"]

1. e4 e5 2. Nf3 Nc6 3. Bc4 Nf6 4. d3 d5 5. exd5 Nxd5 6. Bxd5 Qxd5 7. Nc3 Qa5 8. Bd2 Bd6 9. Qe2 Bg4 10. h3 Bh5 11. g4 Bg6 12. 0-0-0 0-0-0 13. h4 h5 14. g5 Rhe8 15. Kb1 Kb8 16. Ne4 Qa6 17. Nxd6 cxd6 18. Rhe1 d5 19. Bc3 d4 20. Bd2 e4 21. dxe4 Qxe2 22. Rxe2 Bxe4 23. Rde1 Bxc2+ 24. Kc1 Rxe2 25. Rxe2 d3 26. Bf4+ Ka8 27. Rd2 Nb4 28. b3 Nxa2+ 29. Kb2 Nb4 30. Ne1 Rc8 31. Bd6 a5 32. Bxb4 axb4 33. Nxd3 Bxd3 34. Rxd3 Rc7 35. Rd4 Ka7 36. Rxb4 Rc6 37. Rf4 f6 38. gxf6 Rxf6 39. Rxf6 gxf6 40. Kc3 Ka6 41. Kc4 Ka5 42. b4+ Ka4 43. Kc5 b5 44. f3 Kb3 45. Kxb5 Kc3 46. Kc5 Kd3 47. Kd5 Ke3 48. Ke6 Kxf3 49. b5 Kg4 50. b6 f5 51. b7 f4 52. b8Q Kxh4 53. Qxf4+ Kh3 54. Qg5 h4 55. Kf5 Kh2 56. Qxh4+ Kg2 57. Ke4 Kf1 58. Qh2 Ke1 59. Ke3 Kd1 60. Qd2# 1-0

[Event "GER-ch U10"]
[Site "Willingen"]
[Date "2008.05.11"]
[Round "10"]
[White "Von Ehr, Lukas"]
[Black "Boes, Julian"]
[Result "1-0"]
[WhiteElo "1190"]
[BlackElo "966"]
[PlyCount "139"]
[EventDate "2008.05.11"]
[EventType "swiss"]
[EventRounds "11"]
[EventCountry "GER"]
[SourceTitle "CBM 124 Extra"]
[Source "ChessBase"]
[SourceDate "2008.07.03"]
[SourceVersion "1"]
[SourceVersionDate "2008.07.03"]
[SourceQuality "1"]

1. e4 e6 2. d4 d5 3. exd5 exd5 4. Nf3 Nf6 5. c4 c6 6. Nc3 Bd6 7. Bd3 Bg4 8. 0-0 0-0 9. b3 Qc7 10. Bg5 Nbd7 11. cxd5 cxd5 12. Nb5 Qb8 13. Nxd6 Qxd6 14. h3 Be6 15. a3 h6 16. Bd2 Qc7 17. Rc1 Qd8 18. Bb4 Re8 19. Bd6 Rc8 20. Qd2 Qb6 21. Bb4 Rxc1 22. Rxc1 a6 23. Nh2 Nh7 24. Ng4 Bxg4 25. hxg4 Nhf6 26. Bf5 Ne4 27. Qd3 a5 28. Bxd7 Rd8 29. Bc5 Qc7 30. Bf5 b6 31. Bxe4 dxe4 32. Qxe4 bxc5 33. Rxc5 Qb6 34. Qd3 g6 35. Rb5 Rxd4 36. Rxb6 Rxd3 37. Rb5 Kf8 38. Rxa5 Rxb3 39. Ra7 Rb1+ 40. Kh2 Rb2 41. Kg3 Rb3+ 42. f3 Ke8 43. a4 Ra3 44. a5 f6 45. Ra6 Ke7 46. Ra8 Kd7 47. a6 Kc7 48. a7 Kb7 49. Rg8 g5 50. Rg6 Ra6 51. Rxh6 Kxa7 52. Rh7+ Kb8 53. Rh1 Kc8 54. Rf1 Kd8 55. f4 Ke7 56. fxg5 fxg5 57. Rf5 Rg6 58. Kf3 Ke6 59. Ke4 Kd6 60. Ra5 Ke6 61. Ra6+ Kf7 62. Rxg6 Kxg6 63. Ke5 Kg7 64. Kf5 Kf7 65. Kxg5 Kg7 66. g3 Kh7 67. Kf6 Kg8 68. g5 Kf8 69. g6 Kg8 70. g7 1-0

[Event "Baden-ch U10"]
[Site "Neuenbuerg/Enz"]
[Date "2008.01.04"]
[Round "2"]
[White "Von Ehr, Lukas"]
[Black "Schweer, Hendrik"]
[Result "0-1"]
[WhiteElo "1025"]
[BlackElo "808"]
[PlyCount "54"]
[EventDate "2008.01.04"]
[EventType "swiss"]
[EventRounds "7"]
[EventCountry "GER"]
[SourceTitle "EXT 2009"]
[Source "ChessBase"]
[SourceDate "2008.11.26"]
[SourceVersion "1"]
[SourceVersionDate "2008.11.26"]
[SourceQuality "1"]

1. e4 d5 2. exd5 Qxd5 3. Nc3 Qd8 4. Nf3 Nf6 5. d4 Nc6 6. Bc4 Bf5 7. 0-0 e6 8. Bg5 Be7 9. Bb5 0-0 10. Bxc6 bxc6 11. Qe2 c5 12. Rad1 Rb8 13. b3 cxd4 14. Nxd4 Bg6 15. Nc6 Qe8 16. Nxb8 Qxb8 17. Bxf6 Bxf6 18. Ne4 Be5 19. Nc5 c6 20. Nd7 Bxh2+ 21. Kh1 Qc7 22. Nxf8 Kxf8 23. g3 Bxg3 24. fxg3 Qxg3 25. Qh2 Be4+ 26. Rf3 Bxf3+ 27. Qg2 Qxg2# 0-1

[Event "Baden-ch AT2"]
[Site "Oberwinden"]
[Date "2007.04.13"]
[Round "8"]
[White "Bernauer, Bernhard"]
[Black "Von Ehr, Lukas"]
[Result "0-1"]
[WhiteElo "1249"]
[BlackElo "775"]
[PlyCount "135"]
[EventDate "2007.04.07"]
[EventType "swiss"]
[EventRounds "9"]
[EventCountry "GER"]
[SourceTitle "CBM 117 Extra"]
[Source "ChessBase"]
[SourceDate "2007.05.09"]
[SourceVersion "1"]
[SourceVersionDate "2007.05.09"]
[SourceQuality "1"]

1. d4 d5 2. c4 c6 3. c5 Nf6 4. Bf4 Bf5 5. Nc3 Nbd7 6. f3 b6 7. g4 Bg6 8. Qa4 b5 9. Qb3 a5 10. h4 a4 11. Qd1 b4 12. Nb1 h6 13. h5 Bh7 14. g5 hxg5 15. Bxg5 Bf5 16. Bd2 e5 17. Bxb4 Be7 18. dxe5 Nxe5 19. e3 0-0 20. Nc3 Ned7 21. Nge2 Bxc5 22. Bxc5 Nxc5 23. Nf4 Re8 24. Ng2 d4 25. Nb1 dxe3 26. Nc3 Bd3 27. Nf4 Bxf1 28. Rxf1 Qxd1+ 29. Nxd1 Nxh5 30. Nxh5 e2 31. Rg1 Nd3+ 32. Kd2 e1Q+ 33. Rxe1 Nxe1 34. Ne3 Nxf3+ 35. Ke2 Nd4+ 36. Kf2 a3 37. b3 Rad8 38. Rg1 Ne6 39. Nf6+ Kf8 40. Nxe8 Kxe8 41. Rc1 c5 42. Rc4 g5 43. Nc2 f5 44. Nxa3 Ra8 45. Ra4 Rxa4 46. bxa4 Nc7 47. Kf3 Kf7 48. Nc4 Kg6 49. Ne3 f4 50. Ng2 Kf5 51. Ne1 c4 52. Nc2 g4+ 53. Kf2 c3 54. Nb4 Ke4 55. a5 g3+ 56. Ke2 f3+ 57. Kf1 Ke3 58. Nc2+ Kd2 59. Nd4 c2 60. Nb3+ Kc3 61. Ke1 g2 62. Kf2 Kb2 63. Kg1 c1Q+ 64. Nxc1 Kxc1 65. a4 Kd1 66. Kf2 Kd2 67. a6 Nxa6 68. a5 0-1

[Event "Baden-ch AT2"]
[Site "Oberwinden"]
[Date "2007.04.11"]
[Round "5"]
[White "Schomas, Harald"]
[Black "Von Ehr, Lukas"]
[Result "1-0"]
[WhiteElo "1590"]
[BlackElo "775"]
[PlyCount "75"]
[EventDate "2007.04.07"]
[EventType "swiss"]
[EventRounds "9"]
[EventCountry "GER"]
[SourceTitle "CBM 117 Extra"]
[Source "ChessBase"]
[SourceDate "2007.05.09"]
[SourceVersion "1"]
[SourceVersionDate "2007.05.09"]
[SourceQuality "1"]

1. d4 d5 2. c4 c6 3. Nc3 Nf6 4. Nf3 Bg4 5. Bg5 e6 6. e4 dxe4 7. Nxe4 Be7 8. Nxf6+ Bxf6 9. Bxf6 Qxf6 10. Be2 Bxf3 11. Bxf3 0-0 12. 0-0 Rd8 13. Qb3 b6 14. d5 e5 15. dxc6 Nxc6 16. Bxc6 Qxc6 17. Qe3 h6 18. b3 b5 19. Qxe5 bxc4 20. Rac1 Rd2 21. Rxc4 Qb6 22. Qe4 Rad8 23. Rc2 Rd1 24. g3 Qd6 25. a4 Rxf1+ 26. Kxf1 Qd1+ 27. Kg2 Qd7 28. Ra2 Re8 29. Qf3 g5 30. h3 f5 31. Rb2 f4 32. gxf4 gxf4 33. Qxf4 Rf8 34. Qg4+ Qg7 35. Qxg7+ Kxg7 36. Re2 Rg8 37. Re3 Kf6+ 38. Rg3 1-0